[Event "Katowice POL-HUN 10th"]
[Site "Katowice"]
[Date "2023.09.09"]
[Round "2"]
[White "Krasenkow, Michal"]
[Black "Rosol, Philip"]
[Result "1-0"]
[WhiteElo "2531"]
[BlackElo "2030"]
[PlyCount "83"]
[EventDate "2023.09.09"]
[EventType "swiss (rapid)"]
[EventRounds "9"]
[EventCountry "POL"]
[SourceTitle "EXT 2024"]
[Source "ChessBase"]
[SourceDate "2023.10.10"]
[SourceVersion "1"]
[SourceVersionDate "2023.10.10"]
[SourceQuality "1"]

1. Nf3 c5 2. c4 Nc6 3. d4 cxd4 4. Nxd4 e6 5. Nc3 Nf6 6. a3 Bc5 7. Nb3 d6 8. Nxc5 dxc5 9. Qxd8+ Kxd8 10. Bf4 Ke7 11. 0-0-0 e5 12. Bg5 Be6 13. Nd5+ Bxd5 14. cxd5 Nd4 15. d6+ Kd7 16. e3 Nf5 17. Bb5+ Ke6 18. Bc4+ Kd7 19. Bxf6 gxf6 20. Bxf7 Nxd6 21. Bd5 Kc7 22. f4 Rae8 23. Rhf1 Nf5 24. Rd3 exf4 25. Rxf4 Rxe3 26. Be4 Rxd3 27. Bxd3 Ne3 28. Rxf6 Rd8 29. Rf7+ Rd7 30. Rxd7+ Kxd7 31. Bxh7 Nxg2 32. Be4 Nf4 33. Bxb7 Kd6 34. Kd2 Ne6 35. h4 Nf4 36. Kc3 Kc7 37. Bf3 Kb6 38. h5 Nh3 39. h6 Ng5 40. Bd5 Kc7 41. Bg8 Ne4+ 42. Kc2 1-0

[Event "POL-ch Rapid U18"]
[Site "Bydgoszcz"]
[Date "2023.08.30"]
[Round "10"]
[White "Rosol, Philip"]
[Black "Nawalaniec, Adam"]
[Result "1-0"]
[WhiteElo "1903"]
[BlackElo "1785"]
[PlyCount "143"]
[EventDate "2023.08.28"]
[EventType "swiss"]
[EventRounds "11"]
[EventCountry "POL"]
[SourceTitle "EXT 2024"]
[Source "ChessBase"]
[SourceDate "2023.10.10"]
[SourceVersion "1"]
[SourceVersionDate "2023.10.10"]
[SourceQuality "1"]

1. d4 Nf6 2. c4 e6 3. Nf3 d5 4. Nc3 dxc4 5. Bg5 Bb4 6. e3 b5 7. a4 c6 8. Be2 0-0 9. 0-0 Bxc3 10. bxc3 Nbd7 11. Qb1 a6 12. e4 Qc7 13. Bh4 Bb7 14. Bg3 Qd8 15. Bd6 c5 16. Bxf8 Bxe4 17. Qb2 Kxf8 18. axb5 a5 19. Rfd1 Nd5 20. Nd2 Bg6 21. Nxc4 Qg5 22. Bf3 Rb8 23. dxc5 Nxc5 24. Bxd5 exd5 25. Ne3 Be4 26. Rxa5 Ne6 27. Qa3+ Kg8 28. Ra8 Rf8 29. Rxf8+ Nxf8 30. b6 h6 31. b7 d4 32. cxd4 Bxb7 33. d5 Ng6 34. Qa7 Bxd5 35. Rxd5 Qf4 36. Qd4 Qc7 37. Rd8+ Kh7 38. Rd7 Qc1+ 39. Qd1 Qc6 40. Qd5 Qc1+ 41. Qd1 Qc6 42. Rd4 Qe6 43. h3 Qe5 44. Rd5 Qf6 45. Qd4 Qxd4 46. Rxd4 Ne5 47. f4 Ng6 48. g3 Ne7 49. Rd7 Nc6 50. Rxf7 Nd4 51. Kf2 Kg6 52. Rd7 Nb5 53. Rd5 Nc3 54. Rd6+ Kh7 55. Rd7 Kg6 56. Kf3 h5 57. Rd6+ Kf7 58. Rc6 Nb5 59. Rc5 Nd4+ 60. Ke4 Ne2 61. Kf3 Nd4+ 62. Kf2 g6 63. g4 hxg4 64. hxg4 Ne6 65. Rc4 Kg7 66. Kg3 Kf7 67. f5 gxf5 68. gxf5 Ng5 69. Kg4 Nh7 70. Rc7+ Kg8 71. Nd5 Kh8 72. Rxh7+ 1-0

[Event "POL-ch Rapid U18"]
[Site "Bydgoszcz"]
[Date "2023.08.29"]
[Round "1"]
[White "Markowski, Tymon"]
[Black "Rosol, Philip"]
[Result "0-1"]
[WhiteElo "1227"]
[BlackElo "1903"]
[PlyCount "34"]
[EventDate "2023.08.28"]
[EventType "swiss"]
[EventRounds "11"]
[EventCountry "POL"]
[SourceTitle "EXT 2024"]
[Source "ChessBase"]
[SourceDate "2023.10.10"]
[SourceVersion "1"]
[SourceVersionDate "2023.10.10"]
[SourceQuality "1"]

1. e4 c5 2. b3 Nc6 3. Bb2 e5 4. Nf3 d6 5. Bc4 Be7 6. Nc3 Nf6 7. 0-0 0-0 8. d3 a6 9. Nd5 Be6 10. Nxe7+ Qxe7 11. Bxe6 fxe6 12. c3 Nh5 13. Nxe5 Nxe5 14. Qxh5 Nxd3 15. Qe2 Nf4 16. Qg4 h5 17. Qg3 Ne2+ 0-1

[Event "Ceske Budejovice op-A"]
[Site "Ceske Budejovice"]
[Date "2023.07.03"]
[Round "3"]
[White "Rosol, Philip"]
[Black "Chval, Zdenek"]
[Result "1-0"]
[WhiteElo "1839"]
[BlackElo "2107"]
[PlyCount "67"]
[EventDate "2023.07.01"]
[EventType "swiss"]
[EventRounds "9"]
[EventCountry "CZE"]
[SourceTitle "CBM 215 Extra"]
[Source "ChessBase"]
[SourceDate "2023.09.30"]
[SourceVersion "1"]
[SourceVersionDate "2023.09.30"]
[SourceQuality "1"]

1. d4 Nf6 2. c4 g6 3. Nc3 Bg7 4. e4 d6 5. Be2 0-0 6. Bg5 Na6 7. h4 e5 8. d5 h6 9. Be3 Nc5 10. f3 Nh5 11. Qd2 Nf4 12. 0-0-0 f5 13. g3 Nh5 14. g4 fxg4 15. fxg4 Nf6 16. Bxc5 dxc5 17. g5 Ng4 18. Bxg4 Bxg4 19. Nge2 Rf2 20. gxh6 Bf6 21. d6 cxd6 22. Rdg1 Bh5 23. Qd5+ Kh7 24. Rf1 Rxf1+ 25. Rxf1 Bxh4 26. Qxb7+ Kxh6 27. Rf7 Qg5+ 28. Kc2 Rh8 29. Qd7 Qe3 30. Qxd6 Bxe2 31. Kb3 Re8 32. Qd7 Rd8 33. Rh7+ Kg5 34. Qxd8+ 1-0

[Event "Malopolska-ch"]
[Site "Krakow"]
[Date "2023.06.09"]
[Round "4"]
[White "Darowicki, Mariusz"]
[Black "Rosol, Philip"]
[Result "1-0"]
[WhiteElo "1970"]
[BlackElo "2002"]
[PlyCount "139"]
[EventDate "2023.06.08"]
[EventType "swiss"]
[EventRounds "7"]
[EventCountry "POL"]
[SourceTitle "CBM 214 Extra"]
[Source "ChessBase"]
[SourceDate "2023.07.31"]
[SourceVersion "1"]
[SourceVersionDate "2023.07.31"]
[SourceQuality "1"]

1. Nf3 Nf6 2. c4 c5 3. g3 e6 4. Bg2 d5 5. cxd5 exd5 6. d4 Nc6 7. 0-0 Bg4 8. Ne5 Bf5 9. Qa4 Bd7 10. Nxd7 Qxd7 11. dxc5 Bxc5 12. Bg5 Nd4 13. Qxd7+ Nxd7 14. Nc3 Ne6 15. Bd2 d4 16. Na4 Rb8 17. Nxc5 Ndxc5 18. f4 f5 19. Rac1 0-0 20. Bd5 Kh8 21. Bb4 Rfd8 22. Bf3 b6 23. Rfd1 g6 24. b3 Kg7 25. Ba3 Kf7 26. Kf1 h5 27. Bb2 a5 28. Bc6 h4 29. Bb5 hxg3 30. hxg3 Rbc8 31. Bc4 Ke7 32. Kg2 Rd6 33. Rh1 Rf8 34. Rcd1 Ne4 35. Rh7+ Rf7 36. Rxf7+ Kxf7 37. Rxd4 Ke7 38. Rxd6 Nxd6 39. Ba3 Nd4 40. Bxd6+ Kxd6 41. Kf2 Ke7 42. a4 Nc2 43. e3 Kf6 44. Ke2 Nb4 45. Kd2 g5 46. Ke2 g4 47. Bd3 Nc6 48. Kd2 Ke6 49. Kc3 Ne7 50. e4 fxe4 51. Bxe4 Nc8 52. Kd4 Nd6 53. Bd3 Nb7 54. f5+ Kf6 55. Kd5 Nd8 56. Kd6 Nf7+ 57. Kc7 Ne5 58. Bc2 Nf3 59. Kxb6 Nd4 60. Bd1 Nxf5 61. Bxg4 Nxg3 62. Kxa5 Ne4 63. b4 Ke7 64. Kb6 Kd6 65. a5 Nf6 66. a6 Nd5+ 67. Ka5 Kc7 68. Bf3 Nb6 69. a7 Nc4+ 70. Ka6 1-0

[Event "Malopolska-ch"]
[Site "Krakow"]
[Date "2023.06.09"]
[Round "3"]
[White "Rosol, Philip"]
[Black "Wnek, Filip"]
[Result "0-1"]
[WhiteElo "2002"]
[BlackElo "2057"]
[PlyCount "100"]
[EventDate "2023.06.08"]
[EventType "swiss"]
[EventRounds "7"]
[EventCountry "POL"]
[SourceTitle "CBM 214 Extra"]
[Source "ChessBase"]
[SourceDate "2023.07.31"]
[SourceVersion "1"]
[SourceVersionDate "2023.07.31"]
[SourceQuality "1"]

1. d4 Nf6 2. c4 c5 3. d5 d6 4. Nc3 e5 5. e4 Be7 6. Be2 0-0 7. h3 Ne8 8. Bg4 g6 9. Bxc8 Qxc8 10. Nf3 Ng7 11. 0-0 Nd7 12. Bg5 Qd8 13. Bxe7 Qxe7 14. Qb3 Rab8 15. Qa3 a6 16. b4 cxb4 17. Qxb4 Nc5 18. Qb2 f5 19. Qe2 Nh5 20. Qe3 Nf4 21. Kh2 Qf6 22. Nd2 Rbe8 23. f3 Qg5 24. g3 Nxh3 25. Qxg5 Nxg5 26. Kg2 Rf6 27. Rab1 Ref8 28. Rb6 fxe4 29. Ncxe4 Ngxe4 30. fxe4 Rxf1 31. Nxf1 Nxe4 32. Rxb7 Rf2+ 33. Kg1 Rxa2 34. Ne3 Ra3 35. c5 Nxc5 36. Rb8+ Kg7 37. Nc4 Rxg3+ 38. Kf2 Rd3 39. Nxd6 Rxd5 40. Nc4 e4 41. Rc8 Nd3+ 42. Ke3 Rc5 43. Rxc5 Nxc5 44. Kd4 Nb3+ 45. Kxe4 h5 46. Ne5 a5 47. Kd3 h4 48. Kc3 h3 49. Ng4 a4 50. Kb4 Nc5 0-1

[Event "Malaga op 16th"]
[Site "Malaga"]
[Date "2022.10.31"]
[Round "7"]
[White "Gomez Arce, Alejandro"]
[Black "Rosol, Philip"]
[Result "1/2-1/2"]
[WhiteElo "2127"]
[BlackElo "1885"]
[PlyCount "138"]
[EventDate "2022.10.27"]
[EventType "swiss"]
[EventRounds "9"]
[EventCountry "ESP"]
[SourceTitle "EXT 2024"]
[Source "ChessBase"]
[SourceDate "2023.10.10"]
[SourceVersion "1"]
[SourceVersionDate "2023.10.10"]
[SourceQuality "1"]

1. e4 c5 2. Nf3 e6 3. d4 cxd4 4. Nxd4 Nc6 5. Nc3 Qc7 6. g3 a6 7. Bg2 Nf6 8. 0-0 Be7 9. Re1 d6 10. Nxc6 bxc6 11. e5 dxe5 12. Rxe5 0-0 13. Bf4 Bd6 14. Rxe6 Bxf4 15. Rxc6 Qa7 16. gxf4 Ne8 17. Nd5 Bb7 18. Rc3 Kh8 19. Rh3 Bxd5 20. Bxd5 Rd8 21. c4 Nf6 22. Rd3 Qb6 23. Qd2 a5 24. Re1 Qc7 25. Kh1 h6 26. b3 Qc5 27. Re2 Qc7 28. a3 Rd7 29. b4 axb4 30. axb4 Rfd8 31. Re1 Rd6 32. Ra1 Qd7 33. Ra5 Qf5 34. Rb5 Ra6 35. Ra5 Rad6 36. Kg1 h5 37. Qe3 Nxd5 38. cxd5 Rxd5 39. Raxd5 Rxd5 40. Rxd5 Qxd5 41. h3 Kh7 42. Kh2 Qf5 43. Qe5 Qg6 44. b5 f6 45. Qe3 Qf5 46. b6 Qd5 47. Kg3 g5 48. fxg5 fxg5 49. f3 h4+ 50. Kg2 Qa2+ 51. Qf2 Qb3 52. Kh2 Kg8 53. Kg2 Kh7 54. Kh2 Kg8 55. Qd2 Qxf3 56. Qxg5+ Kf7 57. Qxh4 Qe2+ 58. Kg1 Qd1+ 59. Kg2 Qd5+ 60. Kg1 Qd1+ 61. Kf2 Qd2+ 62. Kf3 Qd3+ 63. Kg2 Qd5+ 64. Kf1 Qd3+ 65. Kg2 Qd5+ 66. Kg1 Qd1+ 67. Kf2 Qd2+ 68. Kf1 Qd3+ 69. Kg2 Qd5+ 1/2-1/2

[Event "Bratislava Slovakia op"]
[Site "Bratislava"]
[Date "2022.10.01"]
[Round "5"]
[White "Benci, Jozef1111"]
[Black "Rosol, Philip"]
[Result "1/2-1/2"]
[WhiteElo "1520"]
[BlackElo "1885"]
[PlyCount "90"]
[EventDate "2022.09.30"]
[EventType "swiss (rapid)"]
[EventRounds "9"]
[EventCountry "SVK"]
[SourceTitle "CBM 210 Extra"]
[Source "ChessBase"]
[SourceDate "2022.11.30"]
[SourceVersion "1"]
[SourceVersionDate "2022.11.30"]
[SourceQuality "1"]

1. Nf3 Nf6 2. g3 d5 3. c4 c6 4. b3 g6 5. Bb2 Bg7 6. Bg2 0-0 7. 0-0 Bf5 8. d3 Nbd7 9. Nbd2 Re8 10. Nh4 Be6 11. Qc2 Qb6 12. Nhf3 Bg4 13. h3 Bxf3 14. Nxf3 e5 15. e3 Rad8 16. Rad1 h6 17. d4 e4 18. Nd2 Rc8 19. Nb1 h5 20. h4 Bh6 21. Qe2 Qa6 22. Nc3 Bf8 23. cxd5 Qxe2 24. Nxe2 Nxd5 25. a3 f5 26. Rc1 Kf7 27. Nc3 Nxc3 28. Rxc3 Nf6 29. Rfc1 Nd5 30. R3c2 Be7 31. Bf1 Ke6 32. Bc4 Kd7 33. Kf1 Bd6 34. Ke2 b5 35. Bxd5 cxd5 36. Kd2 a5 37. Rxc8 Rxc8 38. Rxc8 Kxc8 39. a4 b4 40. Ke2 Kd7 41. Kf1 Ke6 42. Kg2 Kf6 43. Kh3 Bf8 44. Bc1 Bh6 45. Bd2 Bf8 1/2-1/2

[Event "Bratislava Slovakia op"]
[Site "Bratislava"]
[Date "2022.09.30"]
[Round "1"]
[White "Klabis, Rokas"]
[Black "Rosol, Philip"]
[Result "1-0"]
[WhiteElo "2396"]
[BlackElo "1885"]
[PlyCount "113"]
[EventDate "2022.09.30"]
[EventType "swiss (rapid)"]
[EventRounds "9"]
[EventCountry "SVK"]
[SourceTitle "CBM 210 Extra"]
[Source "ChessBase"]
[SourceDate "2022.11.30"]
[SourceVersion "1"]
[SourceVersionDate "2022.11.30"]
[SourceQuality "1"]

1. e4 c5 2. Nf3 e6 3. d3 Nc6 4. g3 Be7 5. Bg2 d6 6. 0-0 Nf6 7. c3 0-0 8. Qe2 e5 9. Na3 a6 10. Rd1 Qc7 11. Nc2 b5 12. h3 Re8 13. a4 b4 14. Bg5 bxc3 15. bxc3 h6 16. Bxf6 Bxf6 17. Ne3 Be6 18. Nd2 Na5 19. Ra3 Rab8 20. f4 exf4 21. gxf4 Rb2 22. Qe1 Qa7 23. Kh1 Reb8 24. f5 Bb3 25. Nxb3 R8xb3 26. Rxb3 Rxb3 27. Nd5 Be5 28. d4 Bf6 29. Nxf6+ gxf6 30. Qg3+ Kh7 31. Qxd6 Rxc3 32. dxc5 Qxc5 33. Qxf6 Qc7 34. Qd6 Qc4 35. Rg1 Qb3 36. Kh2 Rc2 37. Qf6 Nc6 38. Kh1 Rc3 39. Kh2 Qb8+ 40. Kh1 Qb3 41. Qh4 Ne5 42. Rf1 Nc4 43. Qh5 Ne3 44. Rf3 Rc1+ 45. Kh2 Nf1+ 46. Bxf1 Qb8+ 47. Kh1 Qb7 48. Qg4 Re1 49. Rf4 Qb1 50. Kg1 Qb6+ 51. Rf2 Qf6 52. Rg2 Qd4+ 53. Kh2 Qe5+ 54. Rg3 Qb2+ 55. Bg2 Qh8 56. f6 Ra1 57. Qf5# 1-0

[Event "Skalica op-A"]
[Site "Skalica"]
[Date "2022.08.25"]
[Round "6"]
[White "Rosol, Philip"]
[Black "Neuhoff, Laertes"]
[Result "0-1"]
[WhiteElo "1855"]
[BlackElo "1997"]
[PlyCount "54"]
[EventDate "2022.08.20"]
[EventType "swiss"]
[EventRounds "9"]
[EventCountry "SVK"]
[SourceTitle "CBM 209 Extra"]
[Source "ChessBase"]
[SourceDate "2022.09.30"]
[SourceVersion "1"]
[SourceVersionDate "2022.09.30"]
[SourceQuality "1"]

1. d4 d5 2. c4 e6 3. Nc3 c6 4. e4 dxe4 5. Nxe4 Bb4+ 6. Bd2 Qxd4 7. Bxb4 Qxe4+ 8. Be2 Na6 9. Ba5 b6 10. Qd6 Bd7 11. Bc3 f6 12. Rd1 0-0-0 13. Nf3 Nh6 14. Nd4 Nf5 15. Qa3 Kb7 16. Kf1 Nxd4 17. Rxd4 Qb1+ 18. Rd1 Qf5 19. Qe7 e5 20. b4 g5 21. b5 cxb5 22. cxb5 Nc7 23. a4 Rhe8 24. Qb4 Be6 25. Bf3+ Bd5 26. Rc1 Bxf3 27. a5 Nd5 0-1

[Event "Skalica op-A"]
[Site "Skalica"]
[Date "2022.08.20"]
[Round "1"]
[White "Stevik, Patrik1111"]
[Black "Rosol, Philip"]
[Result "1/2-1/2"]
[WhiteElo "2142"]
[BlackElo "1855"]
[PlyCount "115"]
[EventDate "2022.08.20"]
[EventType "swiss"]
[EventRounds "9"]
[EventCountry "SVK"]
[SourceTitle "CBM 209 Extra"]
[Source "ChessBase"]
[SourceDate "2022.09.30"]
[SourceVersion "1"]
[SourceVersionDate "2022.09.30"]
[SourceQuality "1"]

1. Nf3 d5 2. d4 Nf6 3. c4 c6 4. g3 Bf5 5. Bg2 e6 6. 0-0 Nbd7 7. Nbd2 Bd6 8. b3 0-0 9. Bb2 Re8 10. Re1 Rc8 11. Nh4 Bg4 12. Qc2 c5 13. e4 cxd4 14. exd5 exd5 15. Bxd4 dxc4 16. Rxe8+ Nxe8 17. Bxb7 Rc7 18. Bd5 cxb3 19. Qxb3 Nc5 20. Bxc5 Bxc5 21. Ne4 Bf8 22. Re1 Nf6 23. Nxf6+ Qxf6 24. Ng2 g6 25. Nf4 Bd6 26. Nd3 Kg7 27. Qa4 Bf5 28. Be4 Bxe4 29. Rxe4 Rc3 30. Re3 Ra3 31. Qc4 Qa1+ 32. Kg2 Rxa2 33. Rf3 f5 34. Qd5 Be7 35. Ne5 Re2 36. Qf7+ Kh6 37. Qxe7 Qxe5 38. Qxa7 Qd5 39. h4 Rd2 40. Qa3 Qd6 41. Qe3+ Kg7 42. h5 Rd4 43. h6+ Kf7 44. Qc3 Qe5 45. Re3 Qd5+ 46. Kh2 Qd6 47. Qb3+ Kf6 48. f4 g5 49. fxg5+ Kxg5 50. Kh3 Qg6 51. Kh2 Qd6 52. Qg8+ Qg6 53. Re8 Rd2+ 54. Kh3 Rd7 55. Kg2 Qxg8 56. Rxg8+ Kxh6 57. g4 fxg4 58. Rxg4 1/2-1/2

[Event "Krakow Malopolski op"]
[Site "Krakow"]
[Date "2022.06.16"]
[Round "1"]
[White "Rosol, Philip"]
[Black "Berezowski, Szymon"]
[Result "1-0"]
[WhiteElo "1761"]
[BlackElo "1924"]
[PlyCount "175"]
[EventDate "2022.06.16"]
[EventType "swiss"]
[EventRounds "7"]
[EventCountry "POL"]
[SourceTitle "EXT 2023"]
[Source "ChessBase"]
[SourceDate "2022.10.05"]
[SourceVersion "1"]
[SourceVersionDate "2022.10.05"]
[SourceQuality "1"]

1. d4 Nf6 2. c4 c5 3. d5 b5 4. cxb5 a6 5. b6 Qxb6 6. Nc3 d6 7. e4 g6 8. h3 Bg7 9. Nf3 0-0 10. Bd3 Bd7 11. a4 e6 12. 0-0 Qb4 13. Nd2 exd5 14. exd5 Qd4 15. Qc2 Qh4 16. Nc4 Nh5 17. Nxd6 Nf4 18. Bxf4 Qxf4 19. Nc4 Ra7 20. Rae1 Rb7 21. Ne4 Bd4 22. b3 Bf5 23. Ned6 Bxd3 24. Qxd3 Rd7 25. Ne4 Rxd5 26. Qg3 Qxg3 27. Nxg3 Nc6 28. Ne4 Rb8 29. Rb1 Kg7 30. g3 h6 31. Kg2 f5 32. Ned2 Bc3 33. Nf3 Rd3 34. Rfd1 Rbd8 35. Rxd3 Rxd3 36. Ne1 Rd8 37. Rc1 Bf6 38. Ne3 Be7 39. Rc3 Nb4 40. Kf3 Kf6 41. Ke2 Nc6 42. Nd3 Nd4+ 43. Kf1 Ne6 44. f4 g5 45. Ke2 Rb8 46. Nd5+ Kf7 47. Ne5+ Ke8 48. Nxe7 Rb7 49. Nxf5 Rb4 50. Nc4 gxf4 51. gxf4 Nxf4+ 52. Kf2 h5 53. Rf3 Ne6 54. Ng3 Nd4 55. Re3+ Kf8 56. Nd2 h4 57. Nge4 c4 58. bxc4 Rxa4 59. c5 Ra2 60. Rd3 Ne6 61. Ke3 Rc2 62. Rd6 Nxc5 63. Rc6 Rc1 64. Rxc5 Rh1 65. Rf5+ Kg8 66. Nf2 Re1+ 67. Kd3 Ra1 68. Rf4 a5 69. Rxh4 a4 70. Kc3 a3 71. Ra4 Re1 72. Rxa3 Kh7 73. Kd3 Rg1 74. Ke2 Kh6 75. Ra5 Kh7 76. Kf3 Rg8 77. Nde4 Rf8+ 78. Kg3 Kh8 79. h4 Rb8 80. Ra7 Rc8 81. Kg4 Rb8 82. h5 Rc8 83. Nf6 Rc4+ 84. N2e4 Rc7 85. Ra8+ Kg7 86. Rg8+ Kf7 87. h6 Rc1 88. h7 1-0